The home life of the ancient Egyptians /

محفوظ في:

المؤلف الرئيسي: Scott, Nora.

التنسيق: كتاب

اللغة: English

منشور في: New York : [The Plantin Press], 1947.

سلاسل: Picture books (Metropolitan Museum of Art (New York, N.Y.))

الموضوعات:

الوسوم: إضافة وسم

لا توجد وسوم, كن أول من يضع وسما على هذه التسجيلة!

رقم الطلب: ( P )DT61 .S38 1947

LEADER 00770nam a2200217Ia 4500
003 OSt
005 20240708080244.0
008 760121s1947 nyua 000 0 eng
952 |0 0  |1 0  |2 lcc  |4 0  |7 1  |9 43790  |a ARCE  |b ARCE  |d 2022-11-24  |l 0  |o ( P )DT61 .S38 1947  |p 1028248  |r 2022-11-24 00:00:00  |w 2022-11-24  |y BK 
999 |c 50247  |d 50247 
040 |c ARCE Library 
050 4 |a ( P )DT61 .S38 1947 
100 1 |a Scott, Nora. 
245 1 4 |a The home life of the ancient Egyptians /   |c by Nora E. Scott. 
264 1 |a New York :   |b [The Plantin Press],   |c 1947. 
300 |a [32] p. :   |b ill. ;   |c 27 cm. 
490 0 |a Picture books (Metropolitan Museum of Art (New York, N.Y.)) 
651 0 |a Egypt -- Antiquities. 
651 0 |a Egypt -- Social life and customs. 
901 |a reviewed 
942 |2 lcc  |c BK